000 00477nam a22001937a 4500
005 20140620102145.0
008 140620b xxu||||| |||| 00| 0 eng d
020 _a8186134301
_c100.00
040 _aLoreto College
041 _aBengali
082 _a891.441
_bDAS
100 _aDas, Jibanananda
245 _aShrestha kabita
_cJibanananda Das
260 _aKolkata
_bBharbi
_c2012
300 _a144p.
_b22cm.
650 _aBengali Poetry
850 _aLCLIB
942 _cBK
999 _c39281
_d89760